No entendemos por qué nos odian tanto: el bueno, los malos y los feos /
Gorde:
| Egile nagusia: | |
|---|---|
| Formatua: | Texto |
| Gaiak: | |
| Etiketak: |
Etiketa erantsi
Etiketarik gabe, Izan zaitez lehena erregistro honi etiketa jartzen!
|
MARC
| LEADER | 00000 a a2200000 04500 | ||
|---|---|---|---|
| 001 | 3733 | ||
| 003 | |||
| 040 | |||
| 100 | |a Castro Soto, Gustavo E. | ||
| 245 | |a No entendemos por qué nos odian tanto: |b el bueno, los malos y los feos / |c Gustavo E. Castro Soto | ||
| 500 | |a Artículo tomado de: www.laneta.apcorg/mailman/listinfo/ciepac-e | ||
| 650 | |a GUERRA | ||
| 650 | |a TERRORISMO | ||
| 650 | |a PODER POLITICO | ||
| 650 | |a MILITARISMO | ||
| 773 | |g número 179 -180; páginas 34-45 | ||
| 999 | |c 23048 |d 23048 | ||
